| 000 | 00763nam a2200241Ia 4500 | ||
|---|---|---|---|
| 003 | GCL | ||
| 008 | 140319s9999 xx 000 0 ara d | ||
| 040 |
_aGCL / _cGCL |
||
| 082 | 0 | 4 |
_a551.03 _bم م |
| 100 | 1 | _aمجمع اللغة العربية | |
| 245 | 1 | 0 |
_aمعجم الجيولوجيا / _cمجمع اللغة العربية |
| 250 | _aالثانية | ||
| 260 |
_aالقاهرة : _bالهيئة العامة لشئون المطابع الاميرية ، _c1982 |
||
| 300 |
_aمتعدد ؛ _c30 سم |
||
| 650 | 0 | 4 | _aالمعاجم |
| 650 | 0 | 4 | _aالجيولوجيا |
| 650 | 0 | 4 | _aالبحار والمحيطات |
| 650 | 0 | 4 | _aالارض |
| 650 | 0 | 4 | _aالصخور |
| 650 | 0 | 4 | _aالحفريات |
| 650 | 0 | 4 | _aالترسيب |
| 942 |
_2ddc _cBK |
||
| 999 |
_c30938 _d30938 |
||